[Event "Donau op 04th"]
[Site "Aschach"]
[Date "1995.??.??"]
[Round "4"]
[White "Raetsky, Alexander"]
[Black "Robovic, Saudin"]
[Result "1-0"]
[WhiteElo "2505"]
[BlackElo "2410"]
[Annotator "Raetsky,A"]
[PlyCount "67"]
[EventDate "1995.12.??"]
[EventType "swiss"]
[EventRounds "7"]
[EventCountry "AUT"]
[SourceTitle "EXT 1997"]
[Source "ChessBase"]
[SourceDate "1996.11.15"]
[SourceVersion "1"]
[SourceVersionDate "1996.11.15"]
[SourceQuality "1"]

1. d4 Nf6 2. c4 g6 3. Nc3 d5 4. Nf3 Bg7 5. Bg5 dxc4 6. e4 c5 7. d5 b5 8. d6 {
[#]} Bb7 (8... Qxd6 9. Qxd6 exd6 10. Nxb5 Nxe4 (10... O-O 11. Nc7 Bb7 12. Nxa8
Bxa8 (12... Nxe4 13. Nc7 c3) 13. Bxf6 Bxf6 14. O-O-O $14) 11. O-O-O Nxg5 12.
Nxg5 Bh6 13. Nxd6+ Ke7 14. Ndxf7 $16) 9. dxe7 Qxe7 10. e5 Nbd7 (10... Bxf3 11.
Qxf3 Qxe5+ 12. Be3 b4 13. Qxa8 O-O $13) 11. Qe2 Bxf3 12. exf6 Bxe2 13. fxg7 Rg8
(13... Qe5 14. gxh8=Q+ Qxh8 15. Bxe2 Qe5 16. Be3 $16) 14. Bxe7 Bxf1 15. O-O-O {
[#]} Ne5 $6 (15... Bd3 16. Rhe1 f5 $2 (16... Nb6 17. Bf8+ Kd7 18. Re7+ Kc6 19.
Rxf7 Nd7 20. Re1 Bf5 21. Ree7 b4 22. Rxd7 Bxd7 23. Ne4 $16) 17. Bg5+ Kf7 18.
Re7#) (15... Kxe7 16. Rhxf1 Nb6 17. Rfe1+ Kf6 18. Nxb5 Kxg7 19. Re7 $16) 16.
Rhxf1 Nd3+ (16... Kxe7 17. Rfe1 Kf6 18. Nd5+ Kxg7 19. Rxe5 $18) 17. Rxd3 cxd3
18. Re1 Kd7 19. Nd5 Rxg7 20. Nf6+ Kc6 21. Re5 c4 22. Rc5+ Kb6 23. Nd5+ Kb7 24.
Rc7+ (24. Rxb5+ Kc6 25. Rc5+ Kd7 26. Bf6 Rgg8 27. Rxc4 $18) 24... Ka6 25. Bc5
Rgg8 (25... g5 26. Rd7 Rg6 27. Nc7+ $18) 26. Nb4+ Ka5 {Der schwarze König
zappelt in einem Mattnetz. Es folgte} 27. Rc6 a6 28. Nd5 Rgc8 29. Bb6+ Ka4 30.
Nc3+ Kb4 31. Bc5+ Ka5 32. b4+ cxb3 33. axb3 {Die beiden Mattdrohungen 34.Bb6
und 34.b4 sind nicht abzuwehren. Schwarz entschied sich für} Rxc6 34. b4# {[#]}
1-0

[Event "Cap d'Agde GP CCAS"]
[Site "Cap d'Agde"]
[Date "2013.10.30"]
[Round "6"]
[White "Valles, Manuel"]
[Black "Greenfeld, Alon"]
[Result "1/2-1/2"]
[WhiteElo "2336"]
[BlackElo "2545"]
[Annotator "Valles,M"]
[PlyCount "103"]
[EventDate "2013.10.26"]
[EventType "swiss"]
[EventRounds "9"]
[EventCountry "FRA"]
[SourceTitle "EXT 2016"]
[Source "ChessBase"]
[SourceDate "2015.10.08"]
[SourceVersion "1"]
[SourceVersionDate "2015.10.08"]
[SourceQuality "1"]

1. d4 Nf6 2. c4 g6 3. Nc3 d5 4. Nf3 Bg7 5. Bg5 dxc4 (5... Ne4) 6. e4 Bg4 (6...
c5 7. d5 b5 8. e5 b4 9. exf6 exf6 10. Bd2 bxc3 11. Bxc3 O-O 12. Bxc4 Re8+ 13.
Kf1 Nd7 14. b3 Nb6 15. Qd2 Qd7 16. Rd1 Nxc4 17. bxc4 Ba6 18. Qd3 Qa4 19. Kg1
Bxc4 20. Qd2 Re2 21. Qc1 Rc2 {0-1 (21) Eljanov,P (2742)-Nepomniachtchi,I (2720)
Moscow 2010}) 7. h3 $2 (7. Bxc4 Bxf3 8. gxf3) 7... Bxf3 8. Qxf3 Qxd4 (8... Nc6
9. d5 Nd4 10. Qd1 Nxe4 11. Nxe4 Qxd5 $19) 9. Rd1 (9. Be3 Qe5 10. Bxc4 $15) 9...
Qc5 10. Be3 Qc6 11. Rd4 $146 (11. Nd5 Nxd5 12. exd5 Qf6 13. Qxf6 Bxf6 14. Bd4
Bxd4 15. Rxd4 O-O 16. Bxc4 Nd7 17. Re4 Rfe8 18. Bb5 Rad8 19. O-O a6 20. Bc4 b5
21. Bb3 Nc5 22. Rd4 Nxb3 23. axb3 Rd6 24. Rfd1 Red8 25. Rc1 c6 26. Re4 cxd5 27.
Rxe7 d4 28. Kf1 Kf8 29. Re4 f5 30. Re5 d3 31. Rd1 b4 32. Rd2 Kf7 33. Re1 Kf6
34. f3 f4 35. Kf2 g5 36. g3 Re6 37. gxf4 gxf4 38. Re4 Rxe4 39. fxe4 Ke5 40. Kf3
h5 {Cummings,N-Kulinski,P Stuttgart 2004 0-1}) 11... b5 $6 12. e5 $1 (12. Nxb5
e5 $1) 12... Nfd7 13. Nxb5 Qxb5 $2 14. Bxc4 Qa5+ 15. Ke2 (15. Rd2 $1 {Garde la
qualite.} Nxe5 16. Qxa8 O-O 17. Qd5 Nxc4 18. Qxc4 Bxb2 19. O-O) 15... Nxe5 16.
Qxa8 O-O 17. Qd5 Nxc4 18. Qxc4 Bxd4 19. Bxd4 Nd7 20. Rc1 Nb6 21. Qc5 Qa6+ 22.
Ke1 Qd3 23. Qe5 f6 24. Qe3 Qf5 25. Bxb6 cxb6 26. Qxe7 Qa5+ 27. b4 Qxa2 28. Kf1
a5 29. bxa5 bxa5 30. Kg1 Qd5 31. Rc5 Qd1+ 32. Kh2 Qd4 33. Rc7 Qe5+ 34. Qxe5
fxe5 35. Ra7 Rxf2 36. Rxa5 Re2 37. Ra7 Re3 38. Kg1 h5 39. Kf2 Re4 40. g3 h4 41.
Kf3 Rb4 42. gxh4 Rxh4 43. Re7 Rxh3+ 44. Ke4 Rh1 45. Rxe5 Rf1 46. Rg5 Kg7 47.
Ke3 Kf6 48. Rg3 Rf5 49. Rg2 Kg7 50. Rf2 Rxf2 51. Kxf2 Kh6 52. Kg2 1/2-1/2